Improving the effectiveness of the helping professions : (Record no. 15021)
[ view plain ]
| 000 -LEADER | |
|---|---|
| fixed length control field | 00407cam a22001214a 4500 |
| 020 ## - ISBN | |
| International Standard Book Number | 0761930256 (cloth) |
| 050 00 - LIBRARY OF CONGRESS CALL NUMBER | |
| Classification Number | RC466 |
| Item Number | .G56 2005 |
| 100 1# - MAIN ENTRY--Author | |
| Personal name | Glicken, Morley D. |
| 245 10 - TITLE | |
| Title | Improving the effectiveness of the helping professions : |
| Remainder of title | an evidence-based approach to practice / |
| Statement of responsibility, etc | Morley D. Glicken. |
| 260 ## - PUBLICATION, DISTRIBUTION, ETC.(IMPRINT) | |
| Place of publication, distribution, etc | Thousand Oaks : |
| Name of publisher, distributor, etc | Sage Publication, |
| Date of publication, distribution, etc | c2005. |
| 300 ## - PHYSICAL DESCRIPTION | |
| Extent | xvi, 335 p. ; |
| 942 ## - ADDED ENTRY ELEMENTS(KOHA) | |
| Source of classification or shelving scheme | Library of Congress Classification |
| Koha item type | General circulation |
| Source of classification or shelving scheme | Not for loan | Location (home branch) | Sublocation (holding branch) | Shelving location | Date accessioned | Full call number | Barcode | Nonpublic note | Koha item type |
|---|---|---|---|---|---|---|---|---|---|
| Library of Congress Classification | Main Campus Library | Main Campus Library | 03/06/2016 | RC466 .G56 2005 | 2016/018621 | amm | General circulation |